Dead as a dodo / (Record no. 95071)

MARC details
000 -LEADER
fixed length control field 00516nam a22001817a 4500
005 - DATE AND TIME OF LATEST TRANSACTION
control field 20150825112131.0
010 ## - LCCN (DPL NO)
LC control number ENG-113545
020 ## - INTERNATIONAL STANDARD BOOK NUMBER
Terms of availability 350.00
International Standard Book Number 9789350098448
035 ## - SYSTEM CONTROL NUMBER
System control number EN- 97077
037 ## - SOURCE OF ACQUISITION
Source of stock number/acquisition DBAD/PUB
082 ## - DEWEY DECIMAL CLASSIFICATION NUMBER
Classification number N
100 ## - MAIN ENTRY--PERSONAL NAME
Personal name Coelho, Venita
245 ## - TITLE STATEMENT
Title Dead as a dodo /
Statement of responsibility, etc by Venita Coelho
260 ## - PUBLICATION, DISTRIBUTION, ETC. (IMPRINT)
Place of publication, distribution, etc Gurgaon
Name of publisher, distributor, etc Hachette Book Publishing
Date of publication, distribution, etc 2015
270 ## - ADDRESS
Address 4th & 5th Floors, Corporate Center, Plot No. 94, Sector 44
City Gurgaon
Postal code 122003
300 ## - PHYSICAL DESCRIPTION
Extent 222p.
Dimensions 21cm(pbk)
942 ## - ADDED ENTRY ELEMENTS (KOHA)
Source of classification or shelving scheme Dewey Decimal Classification
Item type English Books
Call number suffix COE
Classification part N
Holdings
Withdrawn status Lost status Not for loan Collection code Home library Current library Date acquired Source of acquisition Cost, normal purchase price Full call number Barcode Copy number Cost, replacement price Koha item type
    Not For Loan Non-fiction D.B.Act.Division D.B.Act.Division 20/07/2015 DBAD/PUB 350.00 N COE EN-97077 1 350.00 English Books

© Delhi Public Library
Hit Counter
free hit counter